Statistiques concernant Associez la Ville au bon pays de Scandinavie

Cliquez ici pour prendre le quiz!

Statistiques générales

  • Ce quiz a été pris 41 fois
  • Le résultat moyen est 31 sur 100

Statistiques - réponses

HintRéponse% Correct
MalmöSuède
57%
OsloNorvège
54%
ÖrebroSuède
54%
StockholmSuède
51%
SödertäljeSuède
49%
VästeråsSuède
49%
AarhusDanemark
46%
CopenhagueDanemark
46%
TromsøNorvège
46%
BergenNorvège
46%
LinköpingSuède
46%
LillehammerNorvège
43%
JönköpingSuède
43%
SolnaSuède
43%
AalborgDanemark
41%
VejleDanemark
41%
StavangerNorvège
41%
NarvikNorvège
41%
KirunaSuède
41%
UmeåSuède
41%
GöteborgSuède
41%
HolbaekDanemark
38%
MoldeNorvège
38%
HelsingborgSuède
38%
UppsalaSuède
38%
EnköpingSuède
38%
VäxjöSuède
38%
ViborgDanemark
35%
TrondheimNorvège
35%
KirkenesNorvège
35%
DrammenNorvège
35%
KalmarSuède
35%
TrollhättanSuède
35%
NorrköpingSuède
35%
GävleSuède
35%
TäbySuède
35%
SandvikenSuède
35%
OdenseDanemark
32%
BillundDanemark
32%
SilkeborgDanemark
32%
BodøNorvège
32%
KøllefjordNorvège
32%
LuleåSuède
32%
SkövdeSuède
32%
MärstaSuède
32%
HorsensDanemark
30%
RoskildeDanemark
30%
RandersDanemark
30%
HaugesundNorvège
30%
SandnesNorvège
30%
RørvikNorvège
30%
LillestrømNorvège
30%
VihelminaSuède
30%
EskiltunaSuède
30%
BoråsSuède
30%
HirtshalsDanemark
27%
HillerødDanemark
27%
KoldingDanemark
27%
LøkkenDanemark
27%
NaestvedDanemark
27%
NamsosNorvège
27%
KristiansandNorvège
27%
KarlstadSuède
27%
FalunSuède
27%
LundSuède
27%
FredericiaDanemark
24%
TønderDanemark
24%
HolstebroDanemark
24%
EsbjergDanemark
24%
GeirangerNorvège
24%
SkarvågNorvège
24%
HarstadNorvège
24%
HammerfestNorvège
24%
AltaNorvège
24%
AndenesNorvège
24%
ÖsthammarSuède
24%
HalmstadSuède
24%
BorlängeSuède
24%
LudvikaSuède
24%
ÖrnsköldsvikSuède
24%
HerningDanemark
22%
SønderborgDanemark
22%
FrederikshavnDanemark
22%
ThistedDanemark
22%
SkagenDanemark
22%
RingkøbingDanemark
22%
ElverumNorvège
22%
OppdalNorvège
22%
KalundborgDanemark
19%
SkiveDanemark
19%
HobroDanemark
19%
SandvikaNorvège
19%
LakselvNorvège
19%
ÅlesundNorvège
19%
SortlandNorvège
19%
MåloyNorvège
16%
FredrikstadNorvège
14%
DombåsNorvège
14%
ArendalNorvège
14%
KautokeinoNorvège
14%

Distribution des résultats

Percentile par nombre de réponses

% des personnes avec chaque résultat

Votre développement - résultats

Vous n’avez pas pris ce quiz